| 000 | 00809nam a2200241 a 4500 | ||
|---|---|---|---|
| 001 | BRCA_6953 | ||
| 005 | 20190320205645.0 | ||
| 008 | 181111s1957----u--a######---#000-0#eng-# | ||
| 041 | _aeng | ||
| 044 | _au | ||
| 050 | 4 |
_aNK8862 _b.M39 1957 |
|
| 100 | 1 |
_aMay, Florence Lewis _98060 |
|
| 245 | 1 | 0 |
_aSilk textiles of Spain _beighth to fifteenth century _cby Florence Lewis May |
| 260 |
_aNueva York _bOrder of Trustees : Hispanic Society of America _c1957 |
||
| 300 |
_aix, 286 p. _bil. (algunas a color) _c26 cm. |
||
| 440 | 0 |
_aHispanic notes & monographes; essays, studies, and brief biographies. Peninsular series. _917329 |
|
| 500 | _aO187 | ||
| 650 | 1 | 4 |
_aSeda _xFabricación y comercio _911447 |
| 650 | 1 | 4 |
_aDiseño textil _94717 |
| 650 | 1 | 4 |
_aTextiles _xEspaña _917330 |
| 902 | _aGFM | ||
| 942 |
_2lcc _cB |
||
| 999 |
_c6635 _d6635 |
||